000 00386nam a2200097Ia 4500
008 160725s9999 xx 000 0 und d
100 _aNorberte, Robert F.
245 _aDominant learning styles as correlates to the mathematics performance of the freshman students of Business Administration.
260 _bKaizen Research Journal College of Education
_cJanuary 2014
650 _aEDUCATION
999 _c298003
_d298003